000 00297nam a22001337a 4500
008 180316b xxu||||| |||| 00| 0 eng d
020 _a9780312448837
041 _aeng
080 _24th
_a37
100 _a25
101 _aEDU
245 _aReal writing with readings
_cAnker,S
942 _2udc
_cBK
999 _c45258
_d45258